Itinerari del Montseny : Torre Lleonart : guia del professor 2 / [redacció: J. Colom ... [et al.]] Torre Lleonart :
Publicado:
[Barcelona] :
Institut de Ciències de l'Educació, Universitat Autònoma de Barcelona, DL 1978
Descripción Física:
40 p. : il. ; 18 x 22 cm
Otros Autores:
Colom, J.
MARC
| LEADER | 00000nam a2200000Ia 4500 | ||
|---|---|---|---|
| 001 | 15408 | ||
| 008 | 160829s9999 xx 000 0 cat d | ||
| 080 | |a FU-33-72 | ||
| 245 | |a Itinerari del Montseny : |b Torre Lleonart : |b guia del professor 2 / [redacció: |b J. Colom ... [et al.]] | ||
| 260 | |a [Barcelona] : |b Institut de Ciències de l'Educació, Universitat Autònoma de Barcelona, DL 1978 | ||
| 300 | |a 40 p. : |b il. ; |c 18 x 22 cm | ||
| 590 | |a Inclou vocabulari | ||
| 650 | 0 | |a Educació ambiental |9 30861 | |
| 650 | |a Ciències naturals |x Ensenyament |x Montseny |9 27270 | ||
| 650 | |a Montseny |x Guies I |9 27271 | ||
| 650 | |a Natura, Estudi de la |x Montseny |9 27272 | ||
| 700 | |a Colom, J. |9 35543 | ||
| 710 | 1 | |a Universitat Autònoma de Barcelona. |b Institut de Ciències de l'Educació |9 54205 | |
| 901 | |a Arxiu | ||
| 942 | |n 1 | ||
| 952 | |0 0 |1 0 |4 0 |6 FU3372 |7 1 |9 48748 |a Arxiu |b Arxiu |d 2016-12-01 |l 0 |o FU-33-72 |p 15408 |r 2016-12-01 00:00:00 |w 2016-12-01 |y ARXIU | ||
| 999 | |c 52579 |d 52579 | ||